Kings of Greece Quiz - Statistics

General Stats
  • This quiz has been taken 60 times
  • The average score is 8 of 9
Answer Stats
Reign # Answer % Correct
2 1913-1917 I Constantine
94%
2 1920-1922 I Constantine
94%
2 1964-1974 II Constantine
94%
2 1863-1913 I George
92%
2 1922-1924 II George
92%
2 1935-1947 II George
92%
1 1832-1862 I Otto
92%
2 1947-1964 I Paul
82%
2 1917-1920 I Alexander
76%
No matching quizzes found
Score Distribution
Percent of People with Each Score
Percentile by Number Answered
Your Score History
You have not taken this quiz